| 000 | 00922nmm a2200301 a 4500 | ||
|---|---|---|---|
| 001 | ocm000779947 | ||
| 003 | TR-IsHL | ||
| 005 | 20201028152501.0 | ||
| 008 | 150709s1998 tu tur | ||
| 007 | cr cn | ||
| 020 | _a9789756993057 | ||
| 035 |
_a779947 _b(N$T) |
||
| 050 | 0 | 4 |
_aQC776 _b.Y55 1998 |
| 090 | 0 | 4 |
_aQC776 _b.Y55 1998 |
| 100 | 1 | _aYılmaz, Mevlüt | |
| 245 | 1 | 0 |
_aÇekirdek fiziği _h[electronic resource] / _cMevlüt Yılmaz |
| 250 | _a1. bs. | ||
| 260 |
_aBalıkesir : _bBalıkesir Üniversitesi Yayınları, _c1998 |
||
| 300 | _a216 p. | ||
| 650 | 4 | _aFizik | |
| 650 | 4 | _aPhysics | |
| 650 | 0 | _aÇekirdek fiziği | |
| 650 | 0 | _aNuclear physics | |
| 650 | 0 | _aParçacıklar (Nükleer fizik) | |
| 650 | 0 | _aParticles (Nuclear physics) | |
| 650 | 7 |
_aSCIENCE / Physics / Nuclear _2bisacsh |
|
| 856 | 4 | 0 | _uhttp://search.ebscohost.com/login.aspx?direct=true&scope=site&db=e011xww&AN=779947 |
| 999 |
_c11551 _d11551 |
||